000 01056nam a22003017a 4500
001 5194
003 FISKH
005 20241118154927.0
008 241118b cb ||||| |||| 00| 0 eng d
020 _a9780545457323
040 _aFISKH
_beng
_cFISKH
_dFISKH
050 _aPZ7.K52654
082 _a813.54
100 _aKhan, Rukhsana
_d(1962-)
245 _aBig red lollipop /
_cby Rukhsana Khan illustrated by Sophie Blackall
250 _aFirst printing in 2012
260 _aNew York :
_bScholastic,
_c2012.
300 _a33 pages :
_bColor illustrations ;
_c26 cm
505 _aJ
520 _aHaving to take her younger sister along the first time she is invited to a birthday party spoils Rubina's fun, and later when that sister is asked to a party and baby sister wants to come, Rubina must decide whether to help.
521 8 _a490L
_bLexile
521 8 _aJ
_bRaz-Plus
650 _2Sisters
_aSharing
_vLollipop
650 _2Fiction
_aBirthday
700 _aBlackall, Sophie
_dIllustrator
942 _2ddc
_cBK
_n0
999 _c5194
_d5194